<?xml version="1.0" encoding="UTF-8"?>
<record
    xmlns:xsi="http://www.w3.org/2001/XMLSchema-instance"
    xsi:schemaLocation="http://www.loc.gov/MARC21/slim http://www.loc.gov/standards/marcxml/schema/MARC21slim.xsd"
    xmlns="http://www.loc.gov/MARC21/slim">

  <leader>02361cam a2200301 i 4500</leader>
  <controlfield tag="001">16421</controlfield>
  <controlfield tag="003">DO-SdUEMH</controlfield>
  <controlfield tag="005">20251206174536.0</controlfield>
  <controlfield tag="007">ta</controlfield>
  <controlfield tag="008">211105s2004    dr a|||g||||||||| |dspa|d</controlfield>
  <datafield tag="040" ind1=" " ind2=" ">
    <subfield code="a">DO-SdUEMH</subfield>
    <subfield code="b">spa</subfield>
    <subfield code="e">rda</subfield>
  </datafield>
  <datafield tag="041" ind1=" " ind2=" ">
    <subfield code="h">spa</subfield>
  </datafield>
  <datafield tag="082" ind1="0" ind2="4">
    <subfield code="m">RD</subfield>
    <subfield code="a">352.745</subfield>
    <subfield code="b">B457h</subfield>
  </datafield>
  <datafield tag="100" ind1="1" ind2=" ">
    <subfield code="a">Bencosme, Sergio,</subfield>
    <subfield code="d">1920-</subfield>
    <subfield code="e">aut</subfield>
    <subfield code="9">95</subfield>
  </datafield>
  <datafield tag="245" ind1="1" ind2="0">
    <subfield code="a">Historia del desarrollo cient&#xED;fico e investigativo de un dominicano /</subfield>
    <subfield code="c">Sergio Bencosme</subfield>
  </datafield>
  <datafield tag="264" ind1=" " ind2="1">
    <subfield code="a">Santo Domingo, Rep&#xFA;blica Dominicana :</subfield>
    <subfield code="b">Secretar&#xED;a de Estado de Educaci&#xF3;n Superior, Ciencia y Tecnolog&#xED;a,</subfield>
    <subfield code="c">2004</subfield>
  </datafield>
  <datafield tag="264" ind1=" " ind2="1">
    <subfield code="a">Santo Domingo, Rep&#xFA;blica Dominicana :</subfield>
    <subfield code="b">Embajada de los Estados Unidos de Am&#xE9;rica, en Rep&#xFA;blica Dominicana,</subfield>
    <subfield code="c">2004</subfield>
  </datafield>
  <datafield tag="300" ind1=" " ind2=" ">
    <subfield code="a">518 paginas ;</subfield>
    <subfield code="b">25 cm.</subfield>
  </datafield>
  <datafield tag="336" ind1=" " ind2=" ">
    <subfield code="2">rdacontent</subfield>
    <subfield code="a">texto</subfield>
    <subfield code="b">txt</subfield>
  </datafield>
  <datafield tag="337" ind1=" " ind2=" ">
    <subfield code="2">rdamedia</subfield>
    <subfield code="a">sin mediaci&#xF3;n</subfield>
    <subfield code="b">n</subfield>
  </datafield>
  <datafield tag="338" ind1=" " ind2=" ">
    <subfield code="2">rdacarrier</subfield>
    <subfield code="a">volumen</subfield>
    <subfield code="b">nc</subfield>
  </datafield>
  <datafield tag="505" ind1="2" ind2=" ">
    <subfield code="g">Gu&#xED;a para el lector del libro -- Pr&#xF3;logo -- Prefacio -- Reconocimiento -- Curriculum vitae ampliado -- Cap. 1 De estudiante de medicina en el pa&#xED;s hasta el profesional en Canad&#xE1; -- Cap. 2 Trabajos de mayor relevancia e impacto -- Cap. 3 Mi puerta para retornar al pa&#xED;s proyecto Queen's - Unphu-CEA-CIDA -- Cap. 4 Propuesta de cooperaci&#xF3;n entre la Universidad de Queen's y la Universidad Nacional Pedro Henr&#xED;quez Ure&#xF1;a (UNPHU) para el desarrollo de programas en el campo de educaci&#xF3;n biom&#xE9;dica y entrega del cuidado de salud -- Reporte del progreso del Proyecto Queen's-UNPHU-CEA-CIDA -- Cultura del desarrollo de la investigaci&#xF3;n, educaci&#xF3;n y pr&#xE1;ctica m&#xE9;dica en el complejo: Pontificia Universidad Cat&#xF3;lica Madre y Maestra y Hospital Regional Universitario Jos&#xE9; Mar&#xED;a Cabral y B&#xE1;ez -- Lista de estudiantes de investigaci&#xF3;n y colaboradores -- Siglas y abreviaturas de las investigaciones y publicaciones en la Rep&#xFA;blica Dominicana -- Lista de investigaciones y publicaciones en la Rep&#xFA;blica Dominicana, Sergio A. Bencosme, colaboradores y disc&#xED;pulos -- Resumen de investigaciones -- Reflexiones finales. Investigaci&#xF3;n aut&#xF3;ctona en medicina en el gobierno-Estado dominicano -- Documento revisado del comit&#xE9; de biom&#xE9;dica y medicina cl&#xED;nica.</subfield>
  </datafield>
  <datafield tag="650" ind1=" " ind2="4">
    <subfield code="a">Ciencia y Estado</subfield>
    <subfield code="9">2566</subfield>
  </datafield>
  <datafield tag="650" ind1=" " ind2="4">
    <subfield code="a">Investigaci&#xF3;n cient&#xED;fica</subfield>
    <subfield code="z">Rep&#xFA;blica Dominicana</subfield>
    <subfield code="9">2915</subfield>
  </datafield>
  <datafield tag="650" ind1=" " ind2="4">
    <subfield code="a">M&#xE9;dicos forenses</subfield>
    <subfield code="z">Rep&#xFA;blica Dominicana</subfield>
    <subfield code="9">3103</subfield>
  </datafield>
  <datafield tag="942" ind1=" " ind2=" ">
    <subfield code="2">ddc</subfield>
    <subfield code="c">BK</subfield>
    <subfield code="n">0</subfield>
  </datafield>
  <datafield tag="952" ind1=" " ind2=" ">
    <subfield code="0">0</subfield>
    <subfield code="1">0</subfield>
    <subfield code="2">ddc</subfield>
    <subfield code="4">0</subfield>
    <subfield code="7">0</subfield>
    <subfield code="8">RD</subfield>
    <subfield code="a">UNIREMSEDE</subfield>
    <subfield code="b">UNIREMSEDE</subfield>
    <subfield code="c">GEN</subfield>
    <subfield code="d">2021-11-05</subfield>
    <subfield code="e">2</subfield>
    <subfield code="i">1100006</subfield>
    <subfield code="l">0</subfield>
    <subfield code="o">RD</subfield>
    <subfield code="p">UFHECPRINC5263</subfield>
    <subfield code="r">2021-11-05 00:00:00</subfield>
    <subfield code="w">2021-11-05</subfield>
    <subfield code="y">BK</subfield>
  </datafield>
  <datafield tag="952" ind1=" " ind2=" ">
    <subfield code="0">0</subfield>
    <subfield code="1">0</subfield>
    <subfield code="2">ddc</subfield>
    <subfield code="4">0</subfield>
    <subfield code="7">0</subfield>
    <subfield code="8">RD</subfield>
    <subfield code="a">UNIREMSEDE</subfield>
    <subfield code="b">UNIREMSEDE</subfield>
    <subfield code="c">GEN</subfield>
    <subfield code="d">2021-11-05</subfield>
    <subfield code="e">2</subfield>
    <subfield code="l">0</subfield>
    <subfield code="o">RD 352.745 B457h</subfield>
    <subfield code="p">0800206</subfield>
    <subfield code="r">2021-11-05 00:00:00</subfield>
    <subfield code="t">ej. 1</subfield>
    <subfield code="w">2021-11-05</subfield>
    <subfield code="y">BK</subfield>
  </datafield>
  <datafield tag="952" ind1=" " ind2=" ">
    <subfield code="0">0</subfield>
    <subfield code="1">0</subfield>
    <subfield code="2">ddc</subfield>
    <subfield code="4">0</subfield>
    <subfield code="7">0</subfield>
    <subfield code="8">RD</subfield>
    <subfield code="a">UNIREMSEDE</subfield>
    <subfield code="b">UNIREMSEDE</subfield>
    <subfield code="d">2021-11-05</subfield>
    <subfield code="l">0</subfield>
    <subfield code="o">RD 610.092 B457h</subfield>
    <subfield code="p">UNIREMHOS-SED1105</subfield>
    <subfield code="r">2021-11-05 00:00:00</subfield>
    <subfield code="w">2021-11-05</subfield>
    <subfield code="y">BK</subfield>
  </datafield>
  <datafield tag="952" ind1=" " ind2=" ">
    <subfield code="0">0</subfield>
    <subfield code="1">0</subfield>
    <subfield code="2">ddc</subfield>
    <subfield code="4">0</subfield>
    <subfield code="7">0</subfield>
    <subfield code="8">RD</subfield>
    <subfield code="a">UNIREMSEDE</subfield>
    <subfield code="b">UNIREMSEDE</subfield>
    <subfield code="d">2025-07-31</subfield>
    <subfield code="e">2</subfield>
    <subfield code="i">0800206</subfield>
    <subfield code="l">0</subfield>
    <subfield code="o">RD</subfield>
    <subfield code="r">2025-07-31 16:09:51</subfield>
    <subfield code="w">2025-07-31</subfield>
    <subfield code="y">BK</subfield>
  </datafield>
  <datafield tag="999" ind1=" " ind2=" ">
    <subfield code="c">16421</subfield>
    <subfield code="d">16421</subfield>
  </datafield>
</record>
